00836nam a2200217Ii 45000010005000000030009000050080041000140400033000550410008000880820018000961100059001142450059001732640088002323000012003203360026003323370028003583380027003869400050004139990017004639520138004802496CO-ViMGA241108s9999||||xx |||||||||||||| ||und|| aCO-ViMGAbspaerdacCO-ViMGA0 aspa04a336.86 - C65a1 aColombia: Ministerio de Hacienda y Crédito Público10aAspectos Generales del Proceso Presupuestal Colombiano 1aBogotá, Colombia : Impreandes Presencia, [Fecha de publicación no identificada] avolumen atextbtxt2rdacontent aunmediatedbn2rdamedia avolumebnc2rdacarrier aidficha_siabuc: 2445. -- ficha_no_siabuc:2496 c47694d47694 001040708001aMEVIGERRbMEVIGERRcGENd2006-07-12o336.86 - C65apECA16957r2024-11-26 09:37:32tEj.1w2024-11-26yBKz2445 | 2930